000 00861nam a2200229Ia 4500
003 OSt
005 20220923212719.0
006 a|||||r|||| 00| 0
007 ta
008 220922b |||||||| |||| 00| 0 hin d
024 _a155,515
037 _cTextual
040 _aARTS
_cARTS
_bhin
041 _2hin
_ahin
082 _aO15,2D35:g, 152L2
100 _aनेमिचन्द्र शास्त्री
245 0 _aसंस्कृत के आदि नाटककार महाकवि भास
246 _aSanskṛut ke ādi nāṭakakār hinākavi bhāsa
260 _aभोपाल
_b मध्यप्रदेश हिन्दी ग्रंथ अकादमी
_c1972
942 _hO15,2D35:g, 152L2
_cTEXL
_2CC
999 _c311019
_d311019